Statistics for Guess The Conan Gray Song With No Hints #2

Click here to take the quiz!

General Stats

  • This quiz has been taken 184 times
  • The average score is 132 of 276

Answer Stats

Answer% Correct
"I
98%
I
98%
a
94%
You
94%
you
94%
you"
94%
love
89%
and
84%
And
84%
it
84%
It
84%
me
84%
the
82%
be
71%
don't
71%
say
70%
to
69%
so
66%
Where
59%
my
58%
But
57%
in
57%
Like
57%
like
57%
what
57%
that
51%
could
50%
This
50%
I'm
48%
"I'm
48%
if
47%
It's
47%
Disaster
46%
disaster
46%
of
44%
we're
44%
all
43%
Is
42%
then
42%
at
41%
us
41%
just
40%
not
38%
you're
38%
You're
38%
was
36%
have
35%
after
34%
know
34%
Let
33%
many
33%
out
33%
there's
33%
There's
33%
factors
32%
night
32%
party
32%
leave
31%
up
30%
Cause
29%
didn't
29%
Had
29%
won't
29%
car
28%
hand
28%
By
27%
keys
27%
left
27%
call
26%
Halloween
26%
Now
26%
scene
26%
set
26%
read
25%
Blake's
23%
chapter
23%
drunk
23%
I'd
23%
long
23%
critical
22%
for
22%
freak
22%
text
22%
potential
21%
little
20%
losing
20%
mine
20%
faster
19%
keeping
19%
really
19%
something
19%
bit
18%
liar
18%
falling
17%
saying
17%
Ashley
16%
pedaling
16%
backwards
15%
shouldn't
15%
called"
14%
believes
12%
between
12%
off
12%
wrong
12%
every
11%
plastered
11%
lose
10%
mind
10%
made
9%
platonic
9%
better
8%
died
8%
Maybe
8%
purely
8%
reading
7%
it'd
6%
Messed
6%
mistaken
4%
taking
2%

Score Distribution

Percentile by Number Answered

Percent of People with Each Score

Your Score History

You have not taken this quiz